Protozoan parasites of fishes

Gespeichert in:
Bibliographische Detailangaben
1. Verfasser: Lom, Jiri
Format: Buch
Sprache:Undetermined
Veröffentlicht: Amsterdam Elsivier 1992
Schlagworte:
Tags: Tag hinzufügen
Keine Tags, Fügen Sie den ersten Tag hinzu!
Thư viện lưu trữ: Trung tâm Học liệu Trường Đại học Cần Thơ
LEADER 00542nam a2200193Ia 4500
001 CTU_165654
008 210402s9999 xx 000 0 und d
082 |a 639.3 
082 |b L839 
100 |a Lom, Jiri 
245 0 |a Protozoan parasites of fishes 
245 0 |c Jiri Lom, Iva Dykova 
260 |a Amsterdam 
260 |b Elsivier 
260 |c 1992 
650 |a Protozoa, Pathogenic,Fishes,Cá 
650 |x Classification,Parasites,Vật ký sinh 
910 |a Nguyên 
980 |a Trung tâm Học liệu Trường Đại học Cần Thơ